Регионална библиотека "Любен Каравелов" - Русе

История на изкуството (Запис номер 93071)

MARC детайли
000 -Лидер
Контролно поле с фиксирана дължина 01817nam a2200349 a 4500
003 - Код на организацията, давaща контролен номер
Контролно поле BLK
005 - Дата и час на последна редакция
Контролно поле 20240618005245.0
008 - Елементи от данни с фиксирана дължина
fixed length control field 180408b bul|||||r ||||||| ||bul||
010 ## - Наследен системен номер
LC control number KNG00097860000
040 ## - Източник на каталожния запис
Идентификатор на билиотеката - собственик на записа BLK
041 ## - Код за език
Код за езика на текст/звукозапис или на отделно заглавие Български
Код за езика КДБФ Български
080 ## - УДК
Текстов определител УДК История на изкуството (периоди и фази). Художествени стилове и влияния
УДК код - определител по УДК 7.03
УДК - код + определител 7.03
100 1# - Редна дума - Автор
Автор Алпатов, Михаил Владимирович
Авторска отговорност първи автор
R(LIN) 30900
139 ## - Редно поле
Редна дума Алпатов, Михаил Владимирович
Авторски знак Алп - А 57
245 10 - Сведения за заглавието
Заглавие История на изкуството
Подзаглавни данни Т. 1 -
Редно поле (дума) Михаил Владимирович Алпатов; прев. на том Анастасия Беливанова.
Том Т. 2
Заглавие на том Изкуството на средновековието
257 ## - Страна на издаване
Страна на създаване/издаване Русия
260 ## - Област на издателските данни
Място на издаване, разпространение и проч. София
Име на издателя, разпространителя и проч. Бълг. художник
Година на издаване 1974 -
300 ## - Физическа характеристика
Размери/Мащаб 23 см
380 ## - Жанр
Жанр Изкуство
500 ## - Общи забележки
Забележка Ориг. загл. Всеобщая история искусств.
650 #7 - Допълнително описание по предмет – тема
Основно описание – тема или топоним Изкуство - история
Източник на редна или ключова дума
9 (RLIN) 156375
653 ## - Ключова дума – ненормативна
Ключова дума история на изкуството
653 ## - Ключова дума – ненормативна
Ключова дума Средновековие
700 1# - Други автори (авторска отговорност)
Лично име Беливанова, Анастасия
Автороска отговорност (Описва отношението между автора и произведението) прев. на том
9 (RLIN) 373815
760 1# - Описание на основната серия
Редна дума на основното описание Алпатов, Михаил Владимирович
Място на издаване, издател и година София, 1975
Страници - том 256 с. с ил. ; 56 л. ил.
Забележка - том Библиогр. с. 223-238 ; Именен, предм. и геогр. показалци
Заглавие Т. 2 Изкуството на средновековието
852 ## - Местоположение
Форматна сигнатура Цб 74538
Фондова буква Хранилище
856 4# - Електронен адрес и достъп
Електронен формат pdf - файл
856 4# - Електронен адрес и достъп
Електронен формат pdf - файл
999 ## - СИСТЕМНИ КОНТРОЛНИ НОМЕРА
Koha biblionumber 93071
Koha biblioitemnumber 93071
942 ## - АРТИКУЛИ
Вид на библиотечния материал Книги
Скрит в OPAC Не
Koha issues (borrowed), all copies 2
Периодичен библиозапис Да
944 ## - СЪЗДАВАНЕ И РЕДАКЦИЯ на ЗАПИСА
Създаване/Редакция Създаване
Дата на регистрацията/редакция 08.11.2010
Статус, дата на статуса CRON CRON
Служител, извършил регистрацията/редакцията
944 ## - СЪЗДАВАНЕ И РЕДАКЦИЯ на ЗАПИСА
Създаване/Редакция Редакция
Дата на регистрацията/редакция 27.07.2015
Статус, дата на статуса добави в АБ / 05.11.2010
Служител, извършил регистрацията/редакцията Ирена_Линкова
Наличности
Код за отписване Код за изгубен артикул Източник на класификационната схема Код за повреда Коз за рестрикции Код за отдаване Артикулен № Име на библиотеката - собственик Име на библиотеката, в която се намира в момента Статус (Текущо местоположение) Дата на вписване в системата Местоположение - отдел Цена в лева Инвентарен номер Систематично азбучна сигнатура Баркод Номер на екземпляра Цена в евро Служебна бележка Служебен тип на артикула
  Не е изгубен Universal Decimal Classification Не е повреден без рестрикции заемане за дома 149690 Регионална библиотека "Любен Каравелов" Русе Регионална библиотека "Любен Каравелов" Русе Отдел Изкуство - подръчен фонд 1975-01-01 Отдел Изкуство - подръчен фонд 4.55 195534 7.03/А 57 120000195534 1 2.33 N: стар фонд Дата: 01.01.1975 Дата инв: 05.06.2012 Бележки инв: * Книги
Изтеглен Не е изгубен Universal Decimal Classification Не е повреден без рестрикции заемане за дома 149691 Регионална библиотека "Любен Каравелов" Русе Регионална библиотека "Любен Каравелов" Русе Отдел Изкуство - подръчен фонд 1975-01-01 Отдел Изкуство - подръчен фонд 4.55 194401 7.03/А 57 194401 2 2.33 Дост: Pk Вид: Ф N: стар фонд Дата: 01.01.1975 Дата инв: 10.02.2015 Бележки инв: ИП2015 Книги
Изтеглен Не е изгубен Universal Decimal Classification Не е повреден без рестрикции заемане за дома 149692 Регионална библиотека "Любен Каравелов" Русе Регионална библиотека "Любен Каравелов" Русе Детски отдел 1975-01-01 Детски отдел 4.55 195535 ДН 7/А 57 195535 3 2.33 Дост: Pk Вид: Ф N: стар фонд Дата: 01.01.1975 Дата инв: 02.10.2015 Бележки инв: Д2015 Книги
  Не е изгубен Universal Decimal Classification Не е повреден само за читалня ползва се в читалня 149693 Регионална библиотека "Любен Каравелов" Русе Регионална библиотека "Любен Каравелов" Русе Хранилище 1975-01-01 Хранилище 4.55 193928 Цб 74538 120000193928 4 2.33 Дост: Dp Вид: Д N: стар фонд Дата: 01.01.1975 Книги
Vip Innovations Ltd, Rousse, Bulgaria 2025